|
|
|
|
| LEADER |
00000cam a2200000 a 4500 |
| 001 |
vtls008958380 |
| 003 |
SK-MaSNL |
| 005 |
20260302042724.0 |
| 008 |
160610s2006 xo dal frn 100 0 slo |
| 015 |
|
|
|a SNBA2007/05-02081
|
| 020 |
|
|
|a 8080940541
|q (brožované)
|
| 035 |
|
|
|a F91F1A84-83AC-4B86-8D4D-919359E6E845
|
| 035 |
|
|
|a urn:nbn:sk:snk-amle73
|
| 035 |
|
|
|a urn:nbn:sk:snk-am008zbo
|
| 040 |
|
|
|a SNK
|b slo
|c SNK
|e AACR2
|
| 041 |
0 |
|
|a slo
|b eng
|
| 044 |
|
|
|a xo
|c SK
|
| 072 |
|
7 |
|a 796
|x Šport. Hry. Telesné cvičenia
|2 konspekt
|
| 080 |
|
|
|a 37.016:796/799
|2 2011
|
| 080 |
|
|
|a 613.71/.73
|2 2011
|
| 080 |
|
|
|a 796/799
|2 2011
|
| 080 |
|
|
|a (048.8)
|2 2011
|
| 080 |
|
|
|a (082)
|2 2011
|
| 245 |
0 |
0 |
|a Štúdie
|n III.
|p Telesná výchova
|c Jaromír Šimonek, ml., Vladimír Šutka, Mária Kalinková
|
| 246 |
3 |
0 |
|a Telesná výchova
|
| 250 |
|
|
|a [1. vyd.]
|
| 260 |
|
|
|a Nitra
|b Pedagogická fakulta Univerzity Konštantína Filozofa
|c 2006
|
| 300 |
|
|
|a 252 strán
|b grafy, ilustrácie, tabuľky
|c 21 cm
|
| 366 |
|
|
|e 150 výtl.
|
| 490 |
1 |
|
|a Edícia Univerzity Konštantína Filozofa v Nitre
|
| 500 |
|
|
|a Obsahuje biografické údaje o autoroch
|
| 504 |
|
|
|a Bibliografia na konci jednotlivých štúdií
|
| 546 |
|
|
|a Anglické resumé
|
| 650 |
0 |
7 |
|a telesná výchova
|2 SNKPH
|9 708
|
| 650 |
0 |
7 |
|a pohybová aktivita
|2 SNKPH
|9 3607
|
| 650 |
0 |
7 |
|a šport
|2 SNKPH
|9 1042
|
| 655 |
|
7 |
|a štúdie
|2 SNKPH
|9 57033
|
| 655 |
|
7 |
|a zborníky
|2 SNKPH
|9 70165
|
| 700 |
1 |
2 |
|a Šutka, Vladimír,
|d 1951-
|t Úroveň telesnej a funkčnej zdatnosti dievčat študujúcich na I. stupni ZŠ Pedagogickej fakulty v Nitre
|9 695968
|
| 700 |
1 |
2 |
|a Kalinková, Mária,
|d 1970-
|t Biorytmy v športovej príprave moderných gymnastiek
|9 695969
|
| 700 |
1 |
2 |
|a Šimonek, Jaromír,
|d 1958-
|t Športové záujmy a pohybová aktivita v dennom režime a ich vplyv na prevenciu drogových závislostí detí a mládeže
|9 695970
|
| 700 |
1 |
|
|a Kalinková, Mária,
|d 1970-
|4 com
|9 511586
|
| 710 |
2 |
|
|a Univerzita Konštantína Filozofa v Nitre.
|b Pedagogická fakulta
|4 pbl
|9 178350
|
| 830 |
|
0 |
|a Edícia Univerzity Konštantína Filozofa v Nitre
|9 457336
|
| 919 |
|
|
|a 80-8094-054-1
|
| 954 |
|
|
|a odborná, vedecká literatúra pôvodná (slovenská)
|2 lita
|
| 958 |
|
|
|a NB
|
| 958 |
|
|
|a OND
|
| 999 |
|
|
|c 1083899
|d 1085829
|
| 952 |
|
|
|a SNK
|b SNK
|y VYP
|7 0
|p 17A0545435
|o snkSC 90554/3 D1
|i snk2007/8268
|8 0
|0 0
|1 0
|4 0
|d 2007-03-23
|l 0
|r 2026-02-24 16:33:11
|w 2026-02-24
|
| 952 |
|
|
|a SNK
|b SNK
|y PREZ
|7 0
|p 17A0545434
|o snkSC 90554/3
|i snk2007/8267
|8 0
|0 0
|1 0
|4 0
|d 2007-03-23
|f 1
|l 0
|r 2025-09-09 00:00:00
|w 2026-02-24
|